000 00620cam a2200217 a 4500
001 445266
005 20180918042325.0
008 830401s1983 ohua b 001 0 eng
010 _a 82061108
020 _a0675200121
040 _aDLC
_cDLC
_dDLC
041 _aeng
080 _a370.15 ROG
082 0 0 _a370.15 ROG
_219
100 1 _a25
101 _aEDU
245 1 0 _aFreedom to learn for the 80's /
_cCarl R. Rogers ; with special contributions by Julie Ann Allender ... [et al.].
504 _aIncludes bibliographies and index.
906 _a7
_bcbc
_corignew
_d2
_eopcn
_f19
_gy-gencatlg
942 _2ddc
_cBK
999 _c47893
_d47893